000
00351pab a2200157 454500
008
180718b2007 xxu||||| |||| 00| 0 eng d
100
_a
Shyam Chand
245
_a
Ram Setu: myth or reality?
260
_c
2007
300
_a
p.8-11.
362
_a
28 Sep
650
_a
Sethusamudram project
773
_a
Mainstream
908
_a
N
909
_a
76039
999
_c
76039
_d
76039